Los hombres son de marte, las mujeres de venus
Na minha lista:
| Autor principal: | |
|---|---|
| Formato: | Livro |
| Idioma: | espanhol |
| Publicado em: |
Buenos Aires
Atlántida
1994
|
| Assuntos: | |
| Tags: |
Adicionar Tag
Sem tags, seja o primeiro a adicionar uma tag!
|
MARC
| LEADER | 00000nam a2200000 a 4500 | ||
|---|---|---|---|
| 001 | UCQ4027 | ||
| 003 | CL-VaPUC | ||
| 008 | 980829e19940000AG |||||||||||||||||spa|d | ||
| 082 | 0 | 4 | |a 155.33 |b GRA |2 21 |
| 100 | |a Gray, John |e psicólogo |9 599484 | ||
| 245 | 1 | 4 | |a Los hombres son de marte, las mujeres de venus |
| 300 | |a 356 p | ||
| 942 | |c BK | ||
| 945 | |d 19980829 00:00:00 |a aarredon | ||
| 260 | |a Buenos Aires |b Atlántida |c 1994 | ||
| 650 | 0 | |a Psicología social |9 222894 | |
| 650 | 0 | |a Relaciones interpersonales |9 307056 | |
| 650 | 0 | |a Comunicación interpersonal |9 307498 | |
| 650 | 0 | |a Relaciones humanas |9 307340 | |
| 650 | 0 | |a Hombres |9 318163 | |
| 650 | 0 | |a Mujeres |9 257649 | |
| 650 | 0 | |a Parejas |9 312442 | |
| 650 | 0 | |a Aspectos psicológicos |9 258128 | |
| 650 | 0 | |a Comunicación |9 257251 | |
| 583 | |a last modification |c 20181018 02:08:50 |k Rodrigo Vera | ||
| 999 | |c 274527 |d 274525 | ||
| 952 | |0 0 |1 2 |4 0 |6 155_330000000000000_GRA_1994 |7 0 |8 A |9 310721 |a BIBGIM |b BIBGIM |d 2019-11-20 |i 3458032 |o 155.33 GRA 1994 |p 3458032 |r 2019-11-20 |w 2019-11-20 |y BK |k SSL | ||
| 952 | |0 0 |1 0 |4 0 |6 155_330000000000000_GRA_1994 |7 0 |8 A |9 310722 |a BIBGIM |b BIBGIM |d 2019-11-20 |i 3458059 |l 2 |o 155.33 GRA 1994 |p 3458059 |r 2025-01-15 |s 2024-10-22 |w 2019-11-20 |y BK |k SSL | ||